Loajalita ... co za ní hledat a co už ne ?

Výklad pojmu lojalita, lojálnosť. Lojálnosť vo firme. Nejde len o vernosť k firme vo význame, že zamestnanec vo firme zostane. Ľudia, ktorí sú s firmou zžití, vážia si ju a považujú si ju za "svoju, čo je tiež dôležité pre kvalitné susedské vzťahy a pre pôsobenie firmy navonok. Lojalita ako čestnosť...

Full description

Saved in:
Bibliographic Details
Main Author: Stejskalová, Alena
Format: Book Chapter
Language:Czech
Subjects:
Tags: Add Tag
No Tags, Be the first to tag this record!

MARC

LEADER 00000naa$a2200000$$$4500
001 0075187
005 20231113131400.9
041 0 |a cze 
044 |a CZ 
245 1 0 |a Loajalita ... co za ní hledat a co už ne ?  |c Alena Stejskalová 
520 |a Výklad pojmu lojalita, lojálnosť. Lojálnosť vo firme. Nejde len o vernosť k firme vo význame, že zamestnanec vo firme zostane. Ľudia, ktorí sú s firmou zžití, vážia si ju a považujú si ju za "svoju, čo je tiež dôležité pre kvalitné susedské vzťahy a pre pôsobenie firmy navonok. Lojalita ako čestnosť. 
610 2 0 |a firmy 
610 2 0 |a zdroje ľudské 
610 2 0 |a zamestnanci 
610 2 0 |a vzťahy pracovné 
610 2 0 |a postoje 
610 2 0 |a spokojnosť v práci 
610 2 0 |a zodpovednosť pracovníka 
610 2 0 |a etika 
100 1 |a Stejskalová, Alena